Flags of Celtic History - Statistics

General Stats
  • This quiz has been taken 9 times
  • The average score is 10 of 16
Answer Stats
Picture Answer % Correct
Brittany
100%
Cornwall
100%
Isle of Man
100%
Republic of Ireland
100%
Scotland
100%
Wales
100%
Galicia
83%
Northern Ireland
83%
Kingdom of Ireland
50%
Newfoundland and Labrador
50%
Nova Scotia
50%
Kingdom of Leon
33%
Kingdom of Scotland
33%
Asturias
17%
Northumberland
17%
Y Wladfa
17%
No matching quizzes found
Score Distribution
Percent of People with Each Score
Percentile by Number Answered
Your Score History
You have not taken this quiz